000
00256nam a2200097Ia 4500
008
240331s9999 xx 000 0 und d
082
_b
PAT
100
_a
Pathmanaba I.S
245
0
_a
Ilankaiyil thoddap pallikoodankalin kalviamaippum prachinaikalum
942
_c
L
999
_c
3601
_d
3601